| 000 | 00797nas a2200265Ia 4500 | ||
|---|---|---|---|
| 001 | dg74-33855 | ||
| 003 | IT-MiCISF | ||
| 008 | 161014c99999999xx |||||||||||| ||und|| | ||
| 040 |
_aIT-MiCISF _cIT-MiCISF |
||
| 041 | _aITALIANO | ||
| 100 | _aOlievenstein Claude | ||
| 210 | _aItaca | ||
| 222 | _aItaca | ||
| 245 | 0 | _aLa presa in carico dell'adolescente tossicomane | |
| 250 | _a1a ed. | ||
| 260 | _c1997 | ||
| 501 |
_bCISF - Centro Internazionale Studi Famiglia - Via Giotto, 36 20145 MILANO (non commercial uses only) _cCopyright 2016 |
||
| 300 | _app. 54-66 | ||
| 362 | _a n. 3, settembre-dicembre [1997] | ||
| 500 | _a Tema: terapia, tossicodipendenza, adolescenza | ||
| 650 |
_aterapia _vdossier |
||
| 700 | _a Coletti Maurizio | ||
| 942 | _cCR | ||
| 957 | _71 | ||
| 999 |
_a33855 _bSi _g1 _c218303 _d218303 |
||